Learning Resource and Development

Brave new families : (Record no. 17481)

MARC details
000 -LEADER
fixed length control field 01821cam a2200493 a 4500
001 - CONTROL NUMBER
control field bravenewfamilies00stac
003 - CONTROL NUMBER IDENTIFIER
control field CaSfIA
005 - DATE AND TIME OF LATEST TRANSACTION
control field 20230525154724.0
007 - PHYSICAL DESCRIPTION FIXED FIELD--GENERAL INFORMATION
fixed length control field cr||||
008 - FIXED-LENGTH DATA ELEMENTS--GENERAL INFORMATION
fixed length control field 900123s1990 nyua b 001 0 eng
010 ## - LIBRARY OF CONGRESS CONTROL NUMBER
LC control number 90080244
040 ## - CATALOGING SOURCE
Original cataloging agency DLC
Transcribing agency DLC
Modifying agency MUQ
-- NLGGC
-- BTCTA
-- YDXCP
-- BAKER
-- DEBBG
-- CaSfIA
020 ## - INTERNATIONAL STANDARD BOOK NUMBER
International Standard Book Number 0465007465
020 ## - INTERNATIONAL STANDARD BOOK NUMBER
International Standard Book Number 9780465007462
035 ## - SYSTEM CONTROL NUMBER
System control number (OCoLC)21525612
043 ## - GEOGRAPHIC AREA CODE
Geographic area code n-us-ca
050 00 - LIBRARY OF CONGRESS CALL NUMBER
Classification number HQ536.15.S26
Item number S73 1990
082 00 - DEWEY DECIMAL CLASSIFICATION NUMBER
Classification number 306.85/0973
Edition number 20
084 ## - OTHER CLASSIFICATION NUMBER
Classification number 71.21
Number source bcl
084 ## - OTHER CLASSIFICATION NUMBER
Classification number MS 1900
Number source rvk
029 1# - OTHER SYSTEM CONTROL NUMBER (OCLC)
OCLC library identifier NLGGC
System control number 065297296
029 1# - OTHER SYSTEM CONTROL NUMBER (OCLC)
OCLC library identifier YDXCP
System control number 409714
029 1# - OTHER SYSTEM CONTROL NUMBER (OCLC)
OCLC library identifier NZ1
System control number 3997775
029 1# - OTHER SYSTEM CONTROL NUMBER (OCLC)
OCLC library identifier AU@
System control number 000007579609
029 1# - OTHER SYSTEM CONTROL NUMBER (OCLC)
OCLC library identifier UNITY
System control number 036024864
029 1# - OTHER SYSTEM CONTROL NUMBER (OCLC)
OCLC library identifier HR0
System control number G01492579
029 1# - OTHER SYSTEM CONTROL NUMBER (OCLC)
OCLC library identifier HEBIS
System control number 023553316
029 1# - OTHER SYSTEM CONTROL NUMBER (OCLC)
OCLC library identifier DEBBG
System control number BV005180908
100 1# - MAIN ENTRY--PERSONAL NAME
Personal name Stacey, Judith.
245 10 - TITLE STATEMENT
Title Brave new families :
Medium [electronic resource]
Remainder of title stories of domestic upheaval in late twentieth century America /
Statement of responsibility, etc. Judith Stacey.
260 ## - PUBLICATION, DISTRIBUTION, ETC.
Place of publication, distribution, etc. [New York] :
Name of publisher, distributor, etc. Basic Books,
Date of publication, distribution, etc. c1990.
300 ## - PHYSICAL DESCRIPTION
Extent xiv, 328 p. :
Other physical details ill. ;
Dimensions 24 cm.
504 ## - BIBLIOGRAPHY, ETC. NOTE
Bibliography, etc. note Includes bibliographical references (p. 305-321) and index.
650 #0 - SUBJECT ADDED ENTRY--TOPICAL TERM
Topical term or geographic name entry element Families
Geographic subdivision California
-- Santa Clara County
Form subdivision Case studies.
650 #0 - SUBJECT ADDED ENTRY--TOPICAL TERM
Topical term or geographic name entry element Working class families
Geographic subdivision California
-- Santa Clara County
Form subdivision Case studies.
650 #6 - SUBJECT ADDED ENTRY--TOPICAL TERM
Topical term or geographic name entry element Famille
Geographic subdivision Californie
-- Santa Clara County
General subdivision Cas, Études de.
650 #6 - SUBJECT ADDED ENTRY--TOPICAL TERM
Topical term or geographic name entry element Familles ouvrières
Geographic subdivision Californie
-- Santa Clara County
Form subdivision Cas, Études de.
650 17 - SUBJECT ADDED ENTRY--TOPICAL TERM
Topical term or geographic name entry element Families.
Source of heading or term gtt
650 17 - SUBJECT ADDED ENTRY--TOPICAL TERM
Topical term or geographic name entry element Arbeidersklasse.
Source of heading or term gtt
650 07 - SUBJECT ADDED ENTRY--TOPICAL TERM
Topical term or geographic name entry element Familie.
Source of heading or term swd
651 #7 - SUBJECT ADDED ENTRY--GEOGRAPHIC NAME
Geographic name USA.
Source of heading or term swd
856 41 - ELECTRONIC LOCATION AND ACCESS
Uniform Resource Identifier <a href="http://www.archive.org/details/bravenewfamilies00stac">http://www.archive.org/details/bravenewfamilies00stac</a>
Public note Free eBook from the Internet Archive
856 42 - ELECTRONIC LOCATION AND ACCESS
Uniform Resource Identifier <a href="http://www.openlibrary.org/books/OL1895500M">http://www.openlibrary.org/books/OL1895500M</a>
Public note Additional information and access via Open Library
Holdings
Withdrawn status Lost status Damaged status Not for loan Collection Home library Current library Date acquired Total Checkouts Full call number Date last seen Price effective from Koha item type
        Project Gutenberg Main Library Main Library 05/25/2023   HQ536.15.S26 S73 1990 05/25/2023 05/25/2023 EBooks